000 00241nam a22000977a 4500
008 230418b |||||||| |||| 00| 0 eng d
020 _a9789356349469
100 _aOswaal
_97599
245 _aCBSE SOLVED PAPERS-12 (Physics)
260 _aNew Delhi
999 _c12261
_d12261